Neural networks with TensorFlow and Keras : (Record no. 52511)

MARC details
000 -LEADER
fixed length control field 00583nam a2200205Ia 4500
005 - DATE AND TIME OF LATEST TRANSACTION
control field 20260429112130.0
008 - FIXED-LENGTH DATA ELEMENTS--GENERAL INFORMATION
fixed length control field 260429s9999||||xx |||||||||||||| ||und||
020 ## - INTERNATIONAL STANDARD BOOK NUMBER
International Standard Book Number 9798868819414
041 ## - LANGUAGE CODE
Language English
082 ## - DEWEY DECIMAL CLASSIFICATION NUMBER
Classification number 006.3
Item number HUA
100 ## - MAIN ENTRY--PERSONAL NAME
Personal name Hua, Philip
245 #0 - TITLE STATEMENT
Title Neural networks with TensorFlow and Keras :
Remainder of title training, generative models, and reinforcement learning /
Statement of responsibility, etc Philip Hua
250 ## - EDITION STATEMENT
Edition statement 1st ed.
260 ## - PUBLICATION, DISTRIBUTION, ETC. (IMPRINT)
Place of publication, distribution, etc New York :
Name of publisher, distributor, etc Apress,
Date of publication, distribution, etc 2025.
300 ## - PHYSICAL DESCRIPTION
Extent xiii, 178 p.; pbk
650 ## - SUBJECT ADDED ENTRY--TOPICAL TERM
Topical term or geographic name as entry element Keras
650 ## - SUBJECT ADDED ENTRY--TOPICAL TERM
Topical term or geographic name as entry element TensorFlow
650 ## - SUBJECT ADDED ENTRY--TOPICAL TERM
Topical term or geographic name as entry element Neural networks
942 ## - ADDED ENTRY ELEMENTS (KOHA)
Koha item type Text Books
Holdings
Withdrawn status Lost status Damaged status Not for loan Collection code Home library Location Shelving location Date of Cataloging Source of acquisition Total Checkouts Full call number Barcode Date last seen Price effective from Koha item type
        Non-fiction CUTN Central Library CUTN Central Library Generalia 29/04/2026 TBH Library Book Suppliers, Chennai - Invoice No. SINV00732 on 09-02-2026   006.3 HUA 57610 29/04/2026 29/04/2026 Text Books